[Event "MP do lat 18 - dziewczeta"]
[Site "Sypniewo"]
[Date "2022.03.20"]
[Round "2.15"]
[White "Szewczyk, Malwina"]
[Black "Kaznowska, Weronika"]
[Result "0-1"]
[BlackElo "1604"]
[WhiteElo "1433"]
[LiveChessVersion "1.4.8"]

1. d4 {[%clk 1:30:56]} d5 {[%clk 1:30:25]} 2. Nf3 {[%clk 1:31:09]} Nf6
{[%clk 1:30:10]} 3. e3 {[%clk 1:31:23]} e6 {[%clk 1:30:10]} 4. Bd3
{[%clk 1:31:45]} b6 {[%clk 1:29:39]} 5. Nbd2 {[%clk 1:31:51]} Bb7
{[%clk 1:29:40]} 6. c3 {[%clk 1:30:51]} Ne4 {[%clk 1:29:02]} 7. O-O
{[%clk 1:30:03]} Bd6 {[%clk 1:28:38]} 8. c4 {[%clk 1:26:51]} O-O {[%clk 1:25:40]}
9. Qc2 {[%clk 1:26:22]} f5 {[%clk 1:24:56]} 10. Nb3 {[%clk 1:26:30]} Nd7
{[%clk 1:23:21]} 11. Nfd2 {[%clk 1:20:22]} Qh4 {[%clk 1:19:45]} 12. f4
{[%clk 1:19:19]} Nxd2 {[%clk 1:12:13]} 13. Bxd2 {[%clk 1:19:04]} c5
{[%clk 1:11:51]} 14. Be1 {[%clk 1:16:49]} Qe7 {[%clk 1:08:56]} 15. Bf2
{[%clk 1:13:01]} Rac8 {[%clk 1:06:34]} 16. Nd2 {[%clk 1:11:16]} cxd4
{[%clk 1:04:54]} 17. Nf3 {[%clk 1:08:47]} dxc4 {[%clk 1:04:18]} 18. Bh4
{[%clk 1:07:54]} Qe8 {[%clk 1:03:17]} 19. Bxc4 {[%clk 1:06:33]} b5
{[%clk 1:03:07]} 20. Qb3 {[%clk 1:06:39]} Rxc4 {[%clk 1:03:06]} 21. Nxd4
{[%clk 1:06:20]} a6 {[%clk 1:00:39]} 22. a4 {[%clk 1:05:19]} Nc5 {[%clk 1:00:23]}
23. Qd1 {[%clk 1:05:10]} Rxa4 {[%clk 0:54:41]} 24. Rxa4 {[%clk 1:04:18]} Nxa4
{[%clk 0:55:05]} 25. b3 {[%clk 1:03:28]} Nb6 {[%clk 0:52:07]} 26. Nf3
{[%clk 1:02:45]} Qc6 {[%clk 0:51:07]} 27. Qd2 {[%clk 1:02:44]} Qd5
{[%clk 0:48:48]} 28. Qc2 {[%clk 1:01:10]} Rc8 {[%clk 0:48:42]} 29. Qb1
{[%clk 1:01:06]} Qe4 {[%clk 0:47:42]} 30. Qe1 {[%clk 1:00:57]} Nd5
{[%clk 0:47:19]} 31. Ng5 {[%clk 0:59:57]} Qxe3+ {[%clk 0:46:20]} 32. Qxe3
{[%clk 0:59:02]} Nxe3 {[%clk 0:46:44]} 33. Re1 {[%clk 0:59:11]} Nxg2
{[%clk 0:42:23]} 34. Rxe6 {[%clk 0:59:14]} Bxf4 {[%clk 0:42:32]} 35. Re7
{[%clk 0:58:11]} Nxh4 {[%clk 0:42:39]} 36. Ne6 {[%clk 0:58:25]} Be3+
{[%clk 0:42:14]} 37. Kf1 {[%clk 0:58:45]} Bf3 {[%clk 0:42:13]} 38. Nc7
{[%clk 0:58:37]} Bb6 {[%clk 0:41:58]} 0-1

[Event "MP do lat 18 - dziewczeta"]
[Site "Sypniewo"]
[Date "2022.03.20"]
[Round "2.16"]
[White "Wojtas, Julia"]
[Black "Czerwinska, Oliwia"]
[Result "0-1"]
[BlackElo "1428"]
[WhiteElo "1560"]
[LiveChessVersion "1.4.8"]

1. e4 {[%clk 1:30:56]} e5 {[%clk 1:30:55]} 2. Nf3 {[%clk 1:31:19]} Nc6
{[%clk 1:31:19]} 3. Bb5 {[%clk 1:31:39]} Nf6 {[%clk 1:31:41]} 4. d3
{[%clk 1:31:38]} Ne7 {[%clk 1:30:17]} 5. c3 {[%clk 1:23:57]} c6 {[%clk 1:27:46]}
6. Ba4 {[%clk 1:23:25]} Ng6 {[%clk 1:27:00]} 7. Nbd2 {[%clk 1:19:59]} d6
{[%clk 1:20:31]} 8. Nf1 {[%clk 1:14:36]} Be7 {[%clk 1:17:05]} 9. Ne3
{[%clk 1:11:16]} O-O {[%clk 1:16:38]} 10. O-O {[%clk 1:05:07]} Be6
{[%clk 1:16:04]} 11. Re1 {[%clk 1:00:58]} Qc7 {[%clk 1:14:33]} 12. Bb3
{[%clk 0:57:35]} Rfd8 {[%clk 1:13:12]} 13. Bxe6 {[%clk 0:54:40]} fxe6
{[%clk 1:13:31]} 14. Qb3 {[%clk 0:52:23]} Qd7 {[%clk 1:06:27]} 15. d4
{[%clk 0:37:55]} exd4 {[%clk 1:04:33]} 16. Nxd4 {[%clk 0:34:39]} d5
{[%clk 1:01:38]} 17. exd5 {[%clk 0:33:22]} exd5 {[%clk 1:01:11]} 18. Nef5
{[%clk 0:31:01]} Bf8 {[%clk 0:52:07]} 19. Ng3 {[%clk 0:20:13]} Re8
{[%clk 0:50:03]} 20. Bg5 {[%clk 0:18:10]} Ng4 {[%clk 0:48:40]} 21. Qc2
{[%clk 0:11:55]} Bc5 {[%clk 0:41:49]} 22. h3 {[%clk 0:09:19]} N4e5
{[%clk 0:41:15]} 23. b3 {[%clk 0:08:21]} Nf7 {[%clk 0:39:08]} 24. Be3
{[%clk 0:07:58]} Nd6 {[%clk 0:36:43]} 25. Rad1 {[%clk 0:06:18]} Bb6
{[%clk 0:34:06]} 26. a3 {[%clk 0:03:41]} Qf7 {[%clk 0:31:23]} 27. Qc1
{[%clk 0:01:54]} Ne4 {[%clk 0:29:49]} 28. Nxe4 {[%clk 0:01:58]} Rxe4
{[%clk 0:30:12]} 29. Rd2 {[%clk 0:01:11]} Rae8 {[%clk 0:29:20]} 30. Rde2
{[%clk 0:01:05]} Nh4 {[%clk 0:28:15]} 31. f3 {[%clk 0:00:53]} R4e7
{[%clk 0:26:54]} 32. Qd2 {[%clk 0:01:09]} Qg6 {[%clk 0:22:57]} 33. Kh2
{[%clk 0:00:50]} Bc7+ {[%clk 0:22:33]} 34. Bf4 {[%clk 0:00:38]} Rxe2
{[%clk 0:21:49]} 35. Rxe2 {[%clk 0:00:47]} Rxe2 {[%clk 0:21:52]} 36. Qxe2
{[%clk 0:00:52]} Bxf4+ {[%clk 0:22:16]} 37. Kh1 {[%clk 0:01:12]} Qb1+
{[%clk 0:22:29]} 38. Qf1 {[%clk 0:01:32]} Qxf1# {[%clk 0:22:54]} 0-1

[Event "MP do lat 18 - dziewczeta"]
[Site "Sypniewo"]
[Date "2022.03.20"]
[Round "2.17"]
[White "Kulpa, Karolina"]
[Black "Bienko, Jagoda"]
[Result "0-1"]
[BlackElo "1551"]
[WhiteElo "1406"]
[LiveChessVersion "1.4.8"]

1. d4 {[%clk 1:30:58]} d5 {[%clk 1:30:51]} 2. c4 {[%clk 1:31:20]} dxc4
{[%clk 1:31:14]} 3. Nf3 {[%clk 1:29:35]} e6 {[%clk 1:31:29]} 4. Qa4+
{[%clk 1:26:55]} Nd7 {[%clk 1:29:31]} 5. Qxc4 {[%clk 1:26:14]} Ngf6
{[%clk 1:29:41]} 6. Bg5 {[%clk 1:25:50]} Be7 {[%clk 1:26:49]} 7. e3
{[%clk 1:24:45]} O-O {[%clk 1:25:40]} 8. Bd3 {[%clk 1:23:39]} c5 {[%clk 1:18:07]}
9. O-O {[%clk 1:19:54]} b6 {[%clk 1:13:00]} 10. Nbd2 {[%clk 1:17:06]} Bb7
{[%clk 1:12:54]} 11. Bxf6 {[%clk 1:12:27]} Nxf6 {[%clk 1:12:15]} 12. dxc5
{[%clk 1:10:43]} Bxc5 {[%clk 1:11:26]} 13. b4 {[%clk 0:55:54]} Be7
{[%clk 1:09:09]} 14. a3 {[%clk 0:54:55]} Rc8 {[%clk 1:07:55]} 15. Qd4
{[%clk 0:53:40]} Qc7 {[%clk 1:00:59]} 16. Qb2 {[%clk 0:50:31]} Rfd8
{[%clk 0:59:49]} 17. Bb5 {[%clk 0:46:39]} Ng4 {[%clk 0:48:00]} 18. Rac1
{[%clk 0:43:00]} Qb8 {[%clk 0:47:48]} 19. Rxc8 {[%clk 0:38:59]} Qxc8
{[%clk 0:47:37]} 20. h3 {[%clk 0:34:09]} Bf6 {[%clk 0:47:37]} 21. Qb1
{[%clk 0:33:20]} Ne5 {[%clk 0:47:38]} 22. Nd4 {[%clk 0:30:58]} a6
{[%clk 0:44:07]} 23. Be2 {[%clk 0:29:54]} Qc3 {[%clk 0:40:32]} 24. N2b3
{[%clk 0:27:15]} Qc7 {[%clk 0:38:51]} 25. Rc1 {[%clk 0:21:17]} Qd6
{[%clk 0:38:23]} 26. f4 {[%clk 0:16:00]} Ng6 {[%clk 0:35:39]} 27. Kf2
{[%clk 0:13:23]} Nxf4 {[%clk 0:32:18]} 28. Bf3 {[%clk 0:09:20]} Nxh3+
{[%clk 0:23:32]} 29. gxh3 {[%clk 0:05:16]} Qh2+ {[%clk 0:23:42]} 30. Kf1
{[%clk 0:05:17]} Qxh3+ {[%clk 0:23:51]} 31. Ke2 {[%clk 0:02:31]} Bxf3+
{[%clk 0:24:09]} 32. Nxf3 {[%clk 0:02:29]} Qg2+ {[%clk 0:24:33]} 33. Ke1
{[%clk 0:02:38]} Qxf3 {[%clk 0:24:59]} 0-1

[Event "MP do lat 18 - dziewczeta"]
[Site "Sypniewo"]
[Date "2022.03.20"]
[Round "2.18"]
[White "Jedrzejko, Martyna"]
[Black "Pawlak, Emilia"]
[Result "1/2-1/2"]
[BlackElo "1402"]
[WhiteElo "1517"]
[LiveChessVersion "1.4.8"]

1. e4 {[%clk 1:30:56]} c5 {[%clk 1:30:54]} 2. Nf3 {[%clk 1:31:12]} g6
{[%clk 1:31:19]} 3. d4 {[%clk 1:31:31]} cxd4 {[%clk 1:31:41]} 4. Nxd4
{[%clk 1:31:54]} Nc6 {[%clk 1:31:58]} 5. c4 {[%clk 1:31:32]} Nf6 {[%clk 1:31:02]}
6. Nc3 {[%clk 1:31:40]} Nxd4 {[%clk 1:29:43]} 7. Qxd4 {[%clk 1:32:00]} d6
{[%clk 1:30:09]} 8. Be3 {[%clk 1:31:58]} Bg7 {[%clk 1:30:32]} 9. Be2
{[%clk 1:31:02]} O-O {[%clk 1:30:47]} 10. Qd2 {[%clk 1:30:36]} Be6
{[%clk 1:29:01]} 11. Rc1 {[%clk 1:28:37]} a5 {[%clk 1:28:49]} 12. b3
{[%clk 1:24:28]} a4 {[%clk 1:21:05]} 13. b4 {[%clk 1:17:38]} Rc8 {[%clk 1:08:10]}
14. f3 {[%clk 1:15:13]} Bxc4 {[%clk 0:59:05]} 15. Bxc4 {[%clk 0:59:29]} Rxc4
{[%clk 0:59:25]} 16. Nxa4 {[%clk 0:57:41]} Rxc1+ {[%clk 0:55:02]} 17. Qxc1
{[%clk 0:58:07]} Nd7 {[%clk 0:53:27]} 18. O-O {[%clk 0:35:47]} Qa8
{[%clk 0:46:44]} 19. Nb6 {[%clk 0:25:21]} Nxb6 {[%clk 0:45:16]} 20. Bxb6
{[%clk 0:25:48]} Rc8 {[%clk 0:36:47]} 21. Qb1 {[%clk 0:17:16]} Qa6
{[%clk 0:34:13]} 22. Bf2 {[%clk 0:15:04]} Qc4 {[%clk 0:27:51]} 23. Be3
{[%clk 0:04:10]} Bd4 {[%clk 0:23:33]} 24. Bxd4 {[%clk 0:03:28]} Qxd4+
{[%clk 0:23:57]} 25. Kh1 {[%clk 0:03:52]} Qd2 {[%clk 0:20:29]} 26. Rd1
{[%clk 0:03:30]} Qe2 {[%clk 0:16:48]} 27. Re1 {[%clk 0:02:51]} Qc2
{[%clk 0:14:37]} 28. h3 {[%clk 0:01:13]} Qxb1 {[%clk 0:10:59]} 29. Rxb1
{[%clk 0:01:41]} Rc2 {[%clk 0:11:17]} 30. a4 {[%clk 0:02:00]} Ra2
{[%clk 0:11:00]} 31. a5 {[%clk 0:02:27]} Kf8 {[%clk 0:09:08]} 32. Rc1
{[%clk 0:02:36]} Rb2 {[%clk 0:05:44]} 33. Rc8+ {[%clk 0:02:27]} Kg7
{[%clk 0:06:10]} 34. Rc7 {[%clk 0:02:45]} Rxb4 {[%clk 0:05:05]} 35. Rxe7
{[%clk 0:03:13]} Rb5 {[%clk 0:03:40]} 1/2-1/2

[Event "MP do lat 18 - dziewczeta"]
[Site "Sypniewo"]
[Date "2022.03.20"]
[Round "2.19"]
[White "Krzyzosiak, Anna"]
[Black "Reszka, Zofia"]
[Result "0-1"]
[BlackElo "1328"]
[WhiteElo "1489"]
[LiveChessVersion "1.4.8"]

1. e4 {[%clk 1:30:58]} c5 {[%clk 1:30:48]} 2. Nf3 {[%clk 1:31:20]} e6
{[%clk 1:31:07]} 3. d4 {[%clk 1:31:41]} cxd4 {[%clk 1:31:25]} 4. Nxd4
{[%clk 1:32:04]} a6 {[%clk 1:31:42]} 5. Bd3 {[%clk 1:32:12]} Ne7 {[%clk 1:31:12]}
6. O-O {[%clk 1:29:41]} Nbc6 {[%clk 1:30:12]} 7. Nxc6 {[%clk 1:23:26]} Nxc6
{[%clk 1:29:04]} 8. c4 {[%clk 1:20:57]} Bc5 {[%clk 1:23:58]} 9. Nc3
{[%clk 1:13:14]} O-O {[%clk 1:22:20]} 10. b3 {[%clk 1:09:33]} b6 {[%clk 1:17:02]}
11. Bb2 {[%clk 1:06:10]} Bd4 {[%clk 1:14:37]} 12. Rc1 {[%clk 1:02:01]} Qf6
{[%clk 1:10:56]} 13. Qd2 {[%clk 0:47:55]} Bb7 {[%clk 1:04:09]} 14. Kh1
{[%clk 0:39:55]} Nb4 {[%clk 0:59:01]} 15. Bb1 {[%clk 0:37:24]} Rfc8
{[%clk 0:52:05]} 16. Rcd1 {[%clk 0:29:37]} Nc6 {[%clk 0:49:03]} 17. Qd3
{[%clk 0:21:54]} b5 {[%clk 0:43:42]} 18. f4 {[%clk 0:13:39]} bxc4
{[%clk 0:35:01]} 19. bxc4 {[%clk 0:10:42]} Qe7 {[%clk 0:28:58]} 20. Na4
{[%clk 0:05:15]} Bxb2 {[%clk 0:27:48]} 21. Nxb2 {[%clk 0:05:38]} Qb4
{[%clk 0:23:56]} 22. Qb3 {[%clk 0:03:41]} Rc7 {[%clk 0:19:43]} 23. Rf3
{[%clk 0:02:30]} Qxb3 {[%clk 0:16:02]} 24. axb3 {[%clk 0:02:51]} Nb4
{[%clk 0:14:51]} 25. Rd6 {[%clk 0:01:01]} Kf8 {[%clk 0:12:10]} 26. Na4
{[%clk 0:00:35]} Ke7 {[%clk 0:10:57]} 27. Rb6 {[%clk 0:00:37]} a5
{[%clk 0:09:45]} 28. Nc3 {[%clk 0:00:47]} Ra6 {[%clk 0:08:51]} 29. Rxa6
{[%clk 0:00:40]} Bxa6 {[%clk 0:08:56]} 30. Rf1 {[%clk 0:00:46]} d5
{[%clk 0:06:59]} 31. exd5 {[%clk 0:01:00]} exd5 {[%clk 0:06:15]} 32. Re1+
{[%clk 0:01:19]} Kd6 {[%clk 0:06:20]} 33. Rd1 {[%clk 0:01:37]} Bb7
{[%clk 0:05:29]} 34. Nb5+ {[%clk 0:01:57]} Kc6 {[%clk 0:05:06]} 35. Nxc7
{[%clk 0:02:21]} Kxc7 {[%clk 0:05:32]} 36. Bxh7 {[%clk 0:01:13]} dxc4
{[%clk 0:05:13]} 37. bxc4 {[%clk 0:01:32]} Kb6 {[%clk 0:04:17]} 38. Bg8
{[%clk 0:01:34]} f6 {[%clk 0:03:57]} 39. Rd7 {[%clk 0:00:41]} a4 {[%clk 0:03:56]}
40. Rxg7 0-1

[Event "MP do lat 18 - dziewczeta"]
[Site "Sypniewo"]
[Date "2022.03.21"]
[Round "3.1"]
[White "Siekanska, Zuzanna"]
[Black "Wikar, Martyna"]
[Result "0-1"]
[BlackElo "2160"]
[WhiteElo "1756"]
[LiveChessVersion "1.4.8"]

1. d4 {[%clk 1:30:58]} d6 {[%clk 1:30:54]} 2. c4 {[%clk 1:31:17]} e5
{[%clk 1:31:14]} 3. d5 {[%clk 1:29:17]} g6 {[%clk 1:31:21]} 4. Nc3
{[%clk 1:29:24]} Bg7 {[%clk 1:30:59]} 5. e4 {[%clk 1:29:06]} a5 {[%clk 1:30:43]}
6. Be3 {[%clk 1:28:25]} Na6 {[%clk 1:28:59]} 7. Qd2 {[%clk 1:27:10]} f5
{[%clk 1:27:06]} 8. exf5 {[%clk 1:23:03]} Bxf5 {[%clk 1:25:32]} 9. Bd3
{[%clk 1:17:34]} Nf6 {[%clk 1:18:46]} 10. Nge2 {[%clk 1:05:45]} O-O
{[%clk 1:15:42]} 11. Ng3 {[%clk 1:03:19]} Bxd3 {[%clk 1:15:09]} 12. Qxd3
{[%clk 1:03:40]} Ng4 {[%clk 1:15:08]} 13. Qe2 {[%clk 0:56:11]} Qh4
{[%clk 1:13:27]} 14. Nge4 {[%clk 0:50:15]} Nxe3 {[%clk 1:10:21]} 15. Qxe3
{[%clk 0:50:12]} Nb4 {[%clk 1:08:58]} 16. Qe2 {[%clk 0:49:14]} Rf5
{[%clk 1:07:18]} 17. a3 {[%clk 0:47:36]} Na6 {[%clk 1:07:39]} 18. Rd1
{[%clk 0:46:53]} Raf8 {[%clk 1:03:55]} 19. Rd3 {[%clk 0:43:31]} Qf4
{[%clk 0:58:59]} 20. O-O {[%clk 0:40:14]} h5 {[%clk 0:52:53]} 21. Rf3
{[%clk 0:35:03]} Qh6 {[%clk 0:46:26]} 22. Rh3 {[%clk 0:33:30]} Rf4
{[%clk 0:31:26]} 23. Qe3 {[%clk 0:30:51]} b6 {[%clk 0:30:30]} 24. Nb5
{[%clk 0:24:52]} Rg4 {[%clk 0:26:08]} 25. b3 {[%clk 0:23:03]} Rf7
{[%clk 0:22:35]} 26. Rg3 {[%clk 0:20:35]} Rxg3 {[%clk 0:17:39]} 27. Qxg3
{[%clk 0:20:41]} Rf4 {[%clk 0:15:28]} 28. Qe3 {[%clk 0:18:12]} g5
{[%clk 0:15:02]} 29. Re1 {[%clk 0:13:14]} Qg6 {[%clk 0:14:21]} 30. h3
{[%clk 0:09:57]} g4 {[%clk 0:13:24]} 31. h4 {[%clk 0:09:27]} Bh6 {[%clk 0:12:01]}
32. g3 {[%clk 0:08:46]} Rf3 {[%clk 0:11:02]} 33. Qe2 {[%clk 0:08:56]} Rxb3
{[%clk 0:08:46]} 34. Nec3 {[%clk 0:02:54]} Nc5 {[%clk 0:07:37]} 35. Rd1
{[%clk 0:02:28]} a4 {[%clk 0:06:37]} 36. Na2 {[%clk 0:00:59]} Qe4
{[%clk 0:05:17]} 37. Qxe4 {[%clk 0:00:43]} Nxe4 {[%clk 0:05:45]} 38. Nxc7
{[%clk 0:00:31]} Rxa3 {[%clk 0:05:24]} 39. Nb4 {[%clk 0:00:59]} Rb3
{[%clk 0:01:50]} 40. Nc6 {[%clk 0:30:39]} a3 {[%clk 0:31:51]} 41. Ra1
{[%clk 0:30:17]} Nd2 {[%clk 0:31:34]} 42. Kg2 {[%clk 0:27:15]} Nf3
{[%clk 0:26:46]} 43. Nb5 {[%clk 0:26:19]} a2 {[%clk 0:26:16]} 44. Rxa2
{[%clk 0:26:11]} Rb1 {[%clk 0:26:34]} 45. Ra8+ {[%clk 0:25:55]} Kh7
{[%clk 0:26:43]} 0-1

[Event "MP do lat 18 - dziewczeta"]
[Site "Sypniewo"]
[Date "2022.03.21"]
[Round "3.2"]
[White "Mirowska, Oliwia"]
[Black "Dylag, Emilia"]
[Result "1/2-1/2"]
[BlackElo "2003"]
[WhiteElo "1738"]
[LiveChessVersion "1.4.8"]

1. e4 {[%clk 1:30:43]} e5 {[%clk 1:30:51]} 2. Nf3 {[%clk 1:30:50]} Nc6
{[%clk 1:31:12]} 3. Nc3 {[%clk 1:30:48]} Nf6 {[%clk 1:31:29]} 4. Bb5
{[%clk 1:31:11]} Bc5 {[%clk 1:31:38]} 5. O-O {[%clk 1:30:24]} O-O
{[%clk 1:24:35]} 6. Nxe5 {[%clk 1:27:53]} Nxe5 {[%clk 1:24:53]} 7. d4 Bd6
{[%clk 1:24:59]} 8. f4 {[%clk 1:28:36]} Nc6 {[%clk 1:21:41]} 9. e5
{[%clk 1:25:37]} Bb4 {[%clk 1:16:34]} 10. exf6 {[%clk 1:15:05]} Qxf6
{[%clk 1:12:08]} 11. Ne2 {[%clk 1:14:22]} d5 {[%clk 1:01:38]} 12. c3
{[%clk 1:14:41]} Bd6 {[%clk 1:01:04]} 13. Ng3 {[%clk 1:12:05]} Ne7
{[%clk 0:48:30]} 14. Bd3 {[%clk 1:07:49]} Qh4 {[%clk 0:40:03]} 15. Qh5
{[%clk 1:04:04]} Qxh5 {[%clk 0:39:59]} 16. Nxh5 {[%clk 1:04:27]} g6
{[%clk 0:30:43]} 17. Ng3 {[%clk 1:03:21]} h5 {[%clk 0:29:30]} 18. Bd2
{[%clk 1:00:07]} Bd7 {[%clk 0:26:00]} 19. Rae1 {[%clk 0:58:32]} Rae8
{[%clk 0:24:23]} 20. b3 {[%clk 0:49:07]} c6 {[%clk 0:18:37]} 21. Kh1
{[%clk 0:40:52]} Nf5 {[%clk 0:04:28]} 22. Nxf5 {[%clk 0:40:41]} Bxf5
{[%clk 0:04:49]} 23. Bxf5 {[%clk 0:41:05]} gxf5 {[%clk 0:05:13]} 24. g3
{[%clk 0:39:24]} Kg7 {[%clk 0:04:49]} 25. Rxe8 {[%clk 0:39:15]} Rxe8
{[%clk 0:05:14]} 26. Re1 {[%clk 0:39:36]} Re4 {[%clk 0:03:10]} 27. b4
{[%clk 0:38:15]} Kf6 {[%clk 0:02:39]} 28. Kg2 {[%clk 0:37:50]} Ke6
{[%clk 0:02:25]} 29. Kf3 {[%clk 0:36:05]} Rxe1 {[%clk 0:01:37]} 30. Bxe1
{[%clk 0:36:28]} Be7 {[%clk 0:00:52]} 31. h3 {[%clk 0:36:34]} b6 {[%clk 0:00:46]}
32. Bf2 {[%clk 0:36:16]} 1/2-1/2

[Event "MP do lat 18 - dziewczeta"]
[Site "Sypniewo"]
[Date "2022.03.21"]
[Round "3.3"]
[White "Kudlak, Julia"]
[Black "Marcinczyk, Monika"]
[Result "0-1"]
[BlackElo "1865"]
[WhiteElo "1579"]
[LiveChessVersion "1.4.8"]

1. e4 {[%clk 1:30:52]} c5 {[%clk 1:30:51]} 2. Nf3 {[%clk 1:30:59]} d6
{[%clk 1:31:13]} 3. c3 {[%clk 1:29:06]} Nf6 {[%clk 1:26:27]} 4. Be2
{[%clk 1:28:58]} Nc6 {[%clk 1:24:34]} 5. d4 {[%clk 1:28:39]} cxd4
{[%clk 1:23:00]} 6. cxd4 {[%clk 1:28:31]} Nxe4 {[%clk 1:09:53]} 7. d5
{[%clk 1:28:34]} Qa5+ {[%clk 1:09:53]} 8. Nc3 {[%clk 1:28:16]} Nxc3
{[%clk 1:05:58]} 9. bxc3 {[%clk 1:28:29]} Ne5 {[%clk 1:03:48]} 10. Nxe5
{[%clk 1:23:57]} dxe5 {[%clk 1:00:18]} 11. O-O {[%clk 1:19:56]} e6
{[%clk 0:45:59]} 12. Qb3 {[%clk 1:13:37]} Bd6 {[%clk 0:36:11]} 13. Bb5+
{[%clk 1:07:48]} Ke7 {[%clk 0:33:25]} 14. Rd1 {[%clk 0:58:37]} a6
{[%clk 0:30:59]} 15. Be2 {[%clk 0:51:27]} Rd8 {[%clk 0:22:35]} 16. a4
{[%clk 0:47:51]} exd5 {[%clk 0:16:24]} 17. Rxd5 {[%clk 0:45:49]} Be6
{[%clk 0:15:46]} 18. Qxb7+ {[%clk 0:44:23]} Qc7 {[%clk 0:16:10]} 19. Qxc7+
{[%clk 0:44:13]} Bxc7 {[%clk 0:16:33]} 20. Ba3+ {[%clk 0:37:20]} Kf6
{[%clk 0:16:40]} 21. Rxd8 {[%clk 0:35:44]} Bxd8 {[%clk 0:16:26]} 22. c4
{[%clk 0:28:49]} Be7 {[%clk 0:14:09]} 23. Bf3 {[%clk 0:19:55]} Rb8
{[%clk 0:10:33]} 24. Bxe7+ {[%clk 0:17:32]} Kxe7 {[%clk 0:11:01]} 25. c5
{[%clk 0:16:05]} Rb4 {[%clk 0:10:05]} 26. g3 {[%clk 0:13:11]} Kd7
{[%clk 0:09:11]} 27. a5 {[%clk 0:11:34]} Kc7 {[%clk 0:06:33]} 28. Kg2
{[%clk 0:09:02]} e4 {[%clk 0:05:05]} 29. Bd1 {[%clk 0:08:08]} Kc6
{[%clk 0:05:08]} 30. Rc1 {[%clk 0:07:18]} Bc4 {[%clk 0:04:46]} 31. Bc2
{[%clk 0:07:14]} f5 {[%clk 0:04:20]} 32. g4 {[%clk 0:06:58]} g6 {[%clk 0:04:38]}
33. gxf5 {[%clk 0:06:54]} gxf5 {[%clk 0:05:06]} 34. f3 {[%clk 0:06:44]} Bd3
{[%clk 0:03:26]} 35. fxe4 {[%clk 0:06:30]} Rb2 {[%clk 0:03:39]} 36. exf5
{[%clk 0:06:00]} Bxf5 {[%clk 0:03:23]} 37. Kg3 {[%clk 0:03:19]} Rxc2
{[%clk 0:03:42]} 0-1

[Event "MP do lat 18 - dziewczeta"]
[Site "Sypniewo"]
[Date "2022.03.21"]
[Round "3.4"]
[White "Kroliczek, Gabriela"]
[Black "Sloniewska, Alicja"]
[Result "1-0"]
[BlackElo "1700"]
[WhiteElo "1823"]
[LiveChessVersion "1.4.8"]

1. e4 {[%clk 1:30:57]} c6 {[%clk 1:30:50]} 2. Nf3 {[%clk 1:31:24]} d5
{[%clk 1:31:02]} 3. Nc3 {[%clk 1:31:51]} dxe4 {[%clk 1:30:03]} 4. Nxe4
{[%clk 1:32:16]} Bf5 {[%clk 1:29:20]} 5. Ng3 {[%clk 1:32:37]} Bg6
{[%clk 1:29:28]} 6. h4 {[%clk 1:33:02]} h6 {[%clk 1:29:26]} 7. Ne5
{[%clk 1:33:29]} Qd6 {[%clk 1:21:01]} 8. d4 {[%clk 1:26:01]} Nd7 {[%clk 1:18:06]}
9. Nxg6 {[%clk 1:25:54]} Qxg6 {[%clk 1:18:26]} 10. Bf4 {[%clk 1:21:55]} Qe6+
{[%clk 1:15:45]} 11. Be2 {[%clk 1:20:31]} Ngf6 {[%clk 1:11:52]} 12. Qd3
{[%clk 1:19:28]} Nd5 {[%clk 1:07:39]} 13. Bd2 {[%clk 1:17:09]} g6
{[%clk 1:05:19]} 14. O-O-O {[%clk 1:11:08]} O-O-O {[%clk 0:58:37]} 15. c4
{[%clk 0:56:28]} Nc7 {[%clk 0:46:05]} 16. Rhe1 {[%clk 0:52:51]} Bg7
{[%clk 0:35:20]} 17. Bc3 {[%clk 0:48:06]} Nf6 {[%clk 0:28:15]} 18. h5
{[%clk 0:45:52]} Qd6 {[%clk 0:27:37]} 19. hxg6 {[%clk 0:30:54]} Qf4+
{[%clk 0:25:07]} 20. Kb1 Qxf2 21. Nf5 {[%clk 0:28:41]} Ne6 {[%clk 0:19:42]} 22.
Bf3 {[%clk 0:27:28]} Nf4 {[%clk 0:18:43]} 23. Nxe7+ Kb8 24. Qf5 {[%clk 0:26:51]}
Nxg6 {[%clk 0:16:17]} 25. Nxg6 {[%clk 0:25:00]} fxg6 {[%clk 0:16:43]} 26. Qxg6
Rd7 27. d5 {[%clk 0:20:10]} Rf8 {[%clk 0:13:32]} 28. dxc6 {[%clk 0:18:47]} bxc6
{[%clk 0:08:58]} 29. Rxd7 {[%clk 0:18:40]} Nxd7 {[%clk 0:09:18]} 30. Qxg7
{[%clk 0:16:39]} Rd8 {[%clk 0:06:59]} 31. Qxh6 {[%clk 0:15:59]} 1-0